000 01100cai a22001935a 4500
001 L143852
008 080604* xxk f 000 0 eng d
035 _a(Sirsi) u143852
041 0 _aeng
110 2 _aProperty Litigation Association
_94147
245 0 0 _aProperty Litigation Association
_h[electronic resource]
520 _aThe PLA is a members organisation for professionals specialising in all aspects of commercial, residential and agricultural property litigation. It aims to promote specialist property litigation skills and act as a public voice for property litigation. Provides information about the organisation, forthcoming events, news of education and training and law reform, relevant case reviews and articles and contact details for many of members. Includes conference papers and presentations made at training days.
590 _aKA
650 2 4 _aLANDLORD AND TENANT (COVENANTS) ACT 1995
651 4 _aUnited Kingdom
_y1973-
690 _aPROPERTY-COMMERCIAL PROPERTY
856 4 0 _uhttps://www.pla.org.uk/
_zView this website free of charge at www.pla.org.uk...
942 _n0
999 _c120666
_d120666